Statistics for Most-Visited Cities by Singaporeans

Click here to take the quiz!

General Stats

  • This quiz has been taken 322 times
  • The average score is 4 of 10

Answer Stats

#City% Correct
4.Bangkok
87%
2.Hong Kong
76%
7.Seoul
60%
3.Taipei
54%
5.Osaka
42%
1.Denpasar, Bali
39%
6.Kyoto
18%
8.Sapporo
13%
10.Langkawi
3%
9.Boracay
2%

Score Distribution

Percentile by Number Answered

Percent of People with Each Score

Your Score History

You have not taken this quiz